Pokémon- Les Pokémon sauvages de la Route Victoire - Statistiques

Statistiques générales
  • Ce quiz a été pris 43 fois
  • Le résultat moyen est 106 sur 193
Statistiques - réponses
Jeux Pokemon sauvages % Correct
Cristal | Diamant, Perle, Diamant Etincelant & Perle Scintillante | Emeraude | +7 others Gravalanch
100%
Cristal | Diamant, Perle, Diamant Etincelant& Perle Scintillante | Emeraude | +8 others Nosferalto
92%
Emeraude | Heartgold & Soulsilver | Let's Go Pikachu & Let's Go Évoli | +4 others Racaillou
89%
Cristal | Diamant, Perle, Diamant Etincelant & Perle Scintillante | Heartgold & Soulsilver | +6 others Onix
86%
Diamant, Perle, Diamant Etincelant & Perle Scintillante | Let's Go Pikachu & Let's Go Évoli | Rouge Feu & Vert Feuille | Rouge, Bleu & Jaune Machopeur
83%
Emeraude | Let's Go Pikachu & Let's Go Évoli | Rouge Feu & Vert Feuille | +3 others Nosferapti
81%
Cristal | Let's Go Pikachu & Let's Go Évoli Rhinoféros
75%
Platine Rhinoferos
75%
Emeraude | Rubis & Saphir | Rubis Oméga & Saphir Alpha Galegon
72%
Diamant, Perle, Diamant Etincelant & Perle Scintillante | Platine Leviator
72%
Let's Go Pikachu & Let's Go Évoli | Rouge Feu & Vert Feuille | Rouge, Bleu & Jaune Machoc
72%
Diamant, Perle, Diamant Etincelant & Perle Scintillante | Platine Steelix
72%
Noir 2 & Blanc 2 | X & Y Diamat
69%
Diamant, Perle, Diamant Etincelant & Perle Scintillante | Emeraude | Platine | +2 others Magicarpe
69%
Cristal | Heartgold & Soulsilver | Or & Argent | Platine Rhinocorne
69%
Noir & Blanc Solochi
67%
Noir & Blanc Aflamanoir
64%
Diamant, Perle, Diamant Etincelant & Perle Scintillante | Rubis & Saphir | Rubis Oméga & Saphir Alpha Charmina
64%
Noir & Blanc Fermite
64%
Emeraude | Rubis & Saphir | Rubis Oméga & Saphir Alpha Hariyama
64%
Noir 2 & Blanc 2 Géolithe
61%
Platine Carmache
58%
Emeraude | Rubis & Saphir | Rubis Oméga & Saphir Alpha Galekid
58%
Diamant, Perle, Diamant Etincelant & Perle Scintillante Kadabra
53%
Emeraude | Rubis & Saphir | Rubis Oméga & Saphir Alpha Mysdibule
53%
Let's Go Pikachu & Let's Go Évoli | Rouge, Bleu & Jaune Sulfura
53%
Emeraude | Rubis & Saphir Tenefix
53%
Rubis Oméga & Saphir Alpha Ténéfix
53%
Emeraude | Heartgold & Soulsilver | Rubis & Saphir Makuhita
50%
Rubis & Saphir Meditikka
50%
Noir 2 & Blanc 2 | X & Y Ouvrifier
50%
Emeraude | Rubis & Saphir Poissirène
50%
Noir & Blanc | Noir 2 & Blanc 2 | X & Y Bargantua
47%
Cristal | Rouge Feu & Vert Feuille Sablaireau
47%
X & Y Spectrum
47%
Emeraude | Rubis & Saphir Barbicha
44%
Rouge Feu & Vert Feuille | Rouge, Bleu & Jaune Ossatueur
44%
Noir & Blanc | Noir 2 & Blanc 2 Tetarte
44%
X & Y Têtarte
44%
Emeraude | Rubis & Saphir | Rubis Oméga & Saphir Alpha Barloche
42%
Noir & Blanc Chovsourir
42%
Heartgold & Soulsilver | Or & Argent Donphan
42%
Rubis Oméga & Saphir Alpha Tentacool
42%
Rubis Oméga & Saphir Alpha Tentacruel
42%
Noir & Blanc Terrakium
42%
Heartgold & Soulsilver | Or & Argent Ursaring
42%
Noir & Blanc Kungfouine
39%
Diamant, Perle, Diamant Etincelant & Perle Scintillante | Platine Lokhlass
39%
Platine Magnéton
39%
Noir & Blanc | Noir 2 & Blanc 2 Minotaupe
39%
Diamant, Perle, Diamant Etincelant & Perle Scintillante | Noir 2 & Blanc 2 | X & Y Musteflott
39%
Noir & Blanc | Noir 2 & Blanc 2 | X & Y Ptitard
39%
Emeraude | Rubis & Saphir | Rubis Oméga & Saphir Alpha Ramboum
39%
X & Y Airmure
36%
X & Y Excelangue
36%
Rouge Feu & Vert Feuille Férosinge
36%
Noir 2 & Blanc 2 Judokrak
36%
Noir 2 & Blanc 2 Karaclée
36%
X & Y Rapasdepic
36%
Noir & Blanc | Noir 2 & Blanc 2 | X & Y Tartard
36%
X & Y Trioxhydre
36%
Noir & Blanc Géolithe
33%
Let's Go Pikachu & Let's Go Évoli Kicklee
33%
X & Y Sonistrelle
33%
Noir 2 & Blanc 2 Tarpaud
33%
Let's Go Pikachu & Let's Go Évoli Tygnon
33%
Heartgold & Soulsilver Archéomire
31%
Emeraude | Rubis & Saphir Chuchmur
31%
Noir 2 & Blanc 2 Golemastoc
31%
Noir & Blanc Incisache
31%
Rubis Oméga & Saphir Alpha Wailmer
31%
Noir 2 & Blanc 2 Branette
28%
Noir 2 & Blanc 2 | X & Y Drakkarmin
28%
Let's Go Pikachu & Let's Go Évoli Leveinard
28%
Rubis Oméga & Saphir Alpha Lovdisc
28%
Noir 2 & Blanc 2 Nanmeouie
28%
Rouge Feu & Vert Feuille Arbok
25%
Noir & Blanc Furaiglon
25%
Platine Lamantine
25%
Noir 2 & Blanc 2 Mustebouee
25%
Noir & Blanc Vostourno
25%
Heartgold & Soulsilver Absol
22%
Rouge, Bleu & Jaune Aéromite
22%
Noir 2 & Blanc 2 Colombeau
22%
Noir 2 & Blanc 2 | Platine Azumarill
19%
Noir 2 & Blanc 2 Deflaisan
19%
Noir 2 & Blanc 2 Marill
19%
Noir 2 & Blanc 2 Altaria
17%
X & Y Caratroc
17%
Noir 2 & Blanc 2 Insolourdo
14%
X & Y Migalos
14%
Noir 2 & Blanc 2 Farfaduvet
11%
Noir 2 & Blanc 2 Fragilady
11%
Heartgold & Soulsilver Korillon
11%
X & Y Lombre
11%
Noir 2 & Blanc 2 Roselia
11%
Noir 2 & Blanc 2 Roserade
11%
Noir 2 & Blanc 2 Chlorobule
8%
Noir 2 & Blanc 2 Doudouvet
8%
Aucun quiz correspondant
Distribution des résultats
% des personnes avec chaque résultat
Percentile par nombre de réponses
Votre historique - résultats
Vous n’avez pas pris ce quiz